000
00213 a2200097 4500
001
14114
100
_a
Hugher S
245
_a
The art of coarse language
260
_a
London
_b
Hutchinson
_c
090
_c
11059
_d
11059
942
_a
NUST-CAE
_c
M
_c
1180
999
_c
249187
_d
249187